000 00805nam a22002057a 4500
005 2010072205365.0
010 _aENG-97347
020 _c210.00
_a9788183333719
035 _aEN-80880
037 _bDBAD/PUB
082 _a005.72
100 _aBayross, Ivan
_93414
245 _aIntroduction to internet & HTML scripting:
_cby Ivan Bayross
_ba text book for undergraduate engineering, BCA and MCA students for all learning universities /
260 _aNew Delhi
_bBPB Publications
_c2010
270 _aB-14, Connaught Place,
_bNew Delhi
_e110001
300 _a285p.
_c24 cm (pbk)
_b1CD-ROM
700 _92116
942 _2ddc
_cEN
_mBAY
_h005.72
999 _c38109
_d38109